[Event "2024 US National High School (K-12) Championship"]
[Site "Baltimore, Maryland, United States"]
[Date "2024.04.06"]
[Round "4.8"]
[White "Karthik, Advaith"]
[Black "Clasby, Derek"]
[Result "0-1"]
[TimeControl "G/90; d10"]
[WhiteFideId "30946050"]
[BlackFideId "30932300"]
[WhiteElo "2230"]
[BlackElo "2393"]

1. d4 {[%clk 01:30:00]} {[%emt 00:00:02]} Nf6 {[%clk 01:30:00]} {[%emt
00:00:05]} 2. c4 {[%clk 01:29:59]} {[%emt 00:00:11]} e6 {[%clk 01:30:00]}
{[%emt 00:00:03]} 3. Nf3 {[%clk 01:29:58]} {[%emt 00:00:11]} b6 {[%clk
01:29:41]} {[%emt 00:00:31]} 4. g3 {[%clk 01:29:54]} {[%emt 00:00:13]} Bb7
{[%clk 01:29:41]} {[%emt 00:00:07]} 5. Bg2 {[%clk 01:29:54]} {[%emt 00:00:04]}
g6 {[%clk 01:27:28]} {[%emt 00:02:24]} 6. Nc3 {[%clk 01:28:05]} {[%emt
00:01:58]} Bg7 {[%clk 01:26:01]} {[%emt 00:01:36]} 7. Qd3 {[%clk 01:25:57]}
{[%emt 00:02:19]} d6 {[%clk 01:21:17]} {[%emt 00:04:54]} 8. O-O {[%clk
01:24:29]} {[%emt 00:01:38]} Nbd7 {[%clk 01:18:44]} {[%emt 00:02:43]} 9. e4
{[%clk 01:23:24]} {[%emt 00:01:15]} e5 {[%clk 01:16:34]} {[%emt 00:02:20]} 10.
d5 {[%clk 01:23:24]} {[%emt 00:00:07]} O-O {[%clk 01:14:17]} {[%emt 00:02:26]}
11. Qc2 {[%clk 01:21:50]} {[%emt 00:01:44]} Qe7 {[%clk 01:07:01]} {[%emt
00:07:26]} 12. Be3 {[%clk 01:18:28]} {[%emt 00:03:31]} c6 {[%clk 01:02:59]}
{[%emt 00:04:13]} 13. Rfc1 {[%clk 01:10:54]} {[%emt 00:07:44]} Rfc8 {[%clk
00:57:56]} {[%emt 00:05:13]} 14. Qd3 {[%clk 01:05:41]} {[%emt 00:05:23]} cxd5
{[%clk 00:49:12]} {[%emt 00:08:55]} 15. Nxd5 {[%clk 01:05:10]} {[%emt
00:00:41]} Bxd5 {[%clk 00:48:17]} {[%emt 00:01:05]} 16. cxd5 {[%clk 01:05:09]}
{[%emt 00:00:11]} Nc5 {[%clk 00:47:57]} {[%emt 00:00:31]} 17. Bxc5 {[%clk
01:05:09]} {[%emt 00:00:05]} bxc5 {[%clk 00:46:06]} {[%emt 00:02:01]} 18. Rc2
{[%clk 01:03:53]} {[%emt 00:01:26]} Bh6 {[%clk 00:44:47]} {[%emt 00:01:29]} 19.
Re1 {[%clk 00:59:18]} {[%emt 00:04:44]} Rcb8 {[%clk 00:42:49]} {[%emt
00:02:09]} 20. Bf1 {[%clk 00:58:05]} {[%emt 00:01:23]} Rb4 {[%clk 00:41:40]}
{[%emt 00:01:18]} 21. a3 {[%clk 00:56:25]} {[%emt 00:01:51]} Rb6 {[%clk
00:40:48]} {[%emt 00:01:01]} 22. Qc3 {[%clk 00:56:19]} {[%emt 00:00:17]} a5
{[%clk 00:39:32]} {[%emt 00:01:26]} 23. Bc4 {[%clk 00:51:22]} {[%emt 00:05:06]}
a4 {[%clk 00:34:56]} {[%emt 00:04:47]} 24. Ree2 {[%clk 00:50:54]} {[%emt
00:00:38]} Qa7 {[%clk 00:27:52]} {[%emt 00:07:14]} 25. Ne1 {[%clk 00:49:24]}
{[%emt 00:01:39]} Nd7 {[%clk 00:26:59]} {[%emt 00:01:03]} 26. Qf3 {[%clk
00:42:42]} {[%emt 00:06:52]} Rb7 {[%clk 00:22:38]} {[%emt 00:04:31]} 27. Nd3
{[%clk 00:40:21]} {[%emt 00:02:30]} Qa5 {[%clk 00:22:38]} {[%emt 00:00:11]} 28.
Re1 {[%clk 00:38:20]} {[%emt 00:02:11]} Nb6 {[%clk 00:21:31]} {[%emt 00:01:17]}
29. Qe2 {[%clk 00:37:54]} {[%emt 00:00:36]} Rab8 {[%clk 00:19:15]} {[%emt
00:02:26]} 30. Rd1 {[%clk 00:37:29]} {[%emt 00:00:35]} Bg7 {[%clk 00:18:29]}
{[%emt 00:00:56]} 31. Qd2 {[%clk 00:36:26]} {[%emt 00:01:14]} Nxc4 {[%clk
00:17:52]} {[%emt 00:00:47]} 32. Rxc4 {[%clk 00:36:26]} {[%emt 00:00:01]} Qa6
{[%clk 00:17:41]} {[%emt 00:00:21]} 33. Qc2 {[%clk 00:36:24]} {[%emt 00:00:11]}
Rb3 {[%clk 00:16:43]} {[%emt 00:01:08]} 34. Re1 {[%clk 00:29:21]} {[%emt
00:07:13]} Qb5 {[%clk 00:14:19]} {[%emt 00:02:34]} 35. Re2 {[%clk 00:28:38]}
{[%emt 00:00:52]} h5 {[%clk 00:13:38]} {[%emt 00:00:51]} 36. Kg2 {[%clk
00:28:06]} {[%emt 00:00:42]} Bf6 {[%clk 00:12:46]} {[%emt 00:01:02]} 37. h3
{[%clk 00:26:23]} {[%emt 00:01:53]} Kg7 {[%clk 00:12:17]} {[%emt 00:00:39]} 38.
Kg1 {[%clk 00:24:39]} {[%emt 00:01:55]} Qa6 {[%clk 00:11:07]} {[%emt 00:01:20]}
39. Kg2 {[%clk 00:24:24]} {[%emt 00:00:24]} Qb5 {[%clk 00:09:34]} {[%emt
00:01:43]} 40. Kg1 {[%clk 00:24:17]} {[%emt 00:00:16]} Bg5 {[%clk 00:07:53]}
{[%emt 00:01:52]} 41. Kg2 {[%clk 00:22:37]} {[%emt 00:01:50]} h4 {[%clk
00:06:46]} {[%emt 00:01:17]} 42. g4 {[%clk 00:22:24]} {[%emt 00:00:23]} Qa6
{[%clk 00:06:10]} {[%emt 00:00:47]} 43. f3 {[%clk 00:21:19]} {[%emt 00:01:15]}
Ra8 {[%clk 00:05:50]} {[%emt 00:00:30]} 44. Re1 {[%clk 00:16:17]} {[%emt
00:05:11]} Rb7 {[%clk 00:05:21]} {[%emt 00:00:39]} 45. Re2 {[%clk 00:15:10]}
{[%emt 00:01:17]} Qb5 {[%clk 00:05:15]} {[%emt 00:00:16]} 46. Re1 {[%clk
00:14:23]} {[%emt 00:00:57]} Qb3 {[%clk 00:04:46]} {[%emt 00:00:39]} 47. Kf2
{[%clk 00:12:50]} {[%emt 00:01:42]} Qb5 {[%clk 00:04:30]} {[%emt 00:00:27]} 48.
Kg2 {[%clk 00:12:50]} {[%emt 00:00:02]} Qd7 {[%clk 00:04:30]} {[%emt 00:00:09]}
49. Re2 {[%clk 00:11:49]} {[%emt 00:01:12]} Rba7 {[%clk 00:04:20]} {[%emt
00:00:19]} 50. Qc3 {[%clk 00:11:08]} {[%emt 00:00:51]} Kh7 {[%clk 00:04:08]}
{[%emt 00:00:22]} 51. Qc2 {[%clk 00:11:04]} {[%emt 00:00:14]} Kh6 {[%clk
00:04:08]} {[%emt 00:00:10]} 52. Nf2 {[%clk 00:10:55]} {[%emt 00:00:18]} Qe7
{[%clk 00:03:35]} {[%emt 00:00:44]} 53. Nd3 {[%clk 00:10:27]} {[%emt 00:00:38]}
Qf6 {[%clk 00:03:35]} {[%emt 00:00:06]} 54. Qd1 {[%clk 00:10:12]} {[%emt
00:00:25]} Kh7 {[%clk 00:03:29]} {[%emt 00:00:16]} 55. Qc2 {[%clk 00:10:12]}
{[%emt 00:00:07]} Qg7 {[%clk 00:03:29]} {[%emt 00:00:03]} 56. Qd1 {[%clk
00:08:01]} {[%emt 00:02:20]} Qh6 {[%clk 00:03:29]} {[%emt 00:00:04]} 57. Kf2
{[%clk 00:07:52]} {[%emt 00:00:19]} Bf4 {[%clk 00:03:29]} {[%emt 00:00:02]} 58.
Qc2 {[%clk 00:07:35]} {[%emt 00:00:27]} Qg5 {[%clk 00:03:29]} {[%emt 00:00:09]}
59. Qd1 {[%clk 00:06:28]} {[%emt 00:01:17]} Bg3+ {[%clk 00:03:29]} {[%emt
00:00:02]} 60. Kg2 {[%clk 00:06:28]} {[%emt 00:00:05]} Bf4 {[%clk 00:03:29]}
{[%emt 00:00:01]} 61. Kf2 {[%clk 00:06:28]} {[%emt 00:00:06]} Kh8 {[%clk
00:03:29]} {[%emt 00:00:01]} 62. Qc2 {[%clk 00:06:22]} {[%emt 00:00:16]} Qf6
{[%clk 00:03:25]} {[%emt 00:00:14]} 63. Kg2 {[%clk 00:06:22]} {[%emt 00:00:08]}
Bg5 {[%clk 00:03:25]} {[%emt 00:00:03]} 64. Qd1 {[%clk 00:06:22]} {[%emt
00:00:06]} Qe7 {[%clk 00:03:13]} {[%emt 00:00:21]} 65. Qc2 {[%clk 00:06:21]}
{[%emt 00:00:12]} Qd7 {[%clk 00:03:13]} {[%emt 00:00:09]} 66. Qc3 {[%clk
00:06:07]} {[%emt 00:00:23]} Kh7 {[%clk 00:03:13]} {[%emt 00:00:04]} 67. Qc2
{[%clk 00:06:07]} {[%emt 00:00:03]} Rb8 {[%clk 00:03:13]} {[%emt 00:00:06]} 68.
Qd1 {[%clk 00:05:33]} {[%emt 00:00:45]} Qb5 {[%clk 00:03:13]} {[%emt 00:00:08]}
69. Qc2 {[%clk 00:05:33]} {[%emt 00:00:07]} Qb3 {[%clk 00:02:56]} {[%emt
00:00:25]} 70. Kf2 {[%clk 00:05:33]} {[%emt 00:00:09]} Qb5 {[%clk 00:02:46]}
{[%emt 00:00:20]} 71. Kg2 {[%clk 00:05:33]} {[%emt 00:00:01]} Kh6 {[%clk
00:02:46]} {[%emt 00:00:01]} 72. Kf2 {[%clk 00:05:22]} {[%emt 00:00:20]} Rbb7
{[%clk 00:02:34]} {[%emt 00:00:22]} 73. Kg2 {[%clk 00:05:22]} {[%emt 00:00:09]}
Qb3 {[%clk 00:02:34]} {[%emt 00:00:05]} 74. Kf2 {[%clk 00:05:22]} {[%emt
00:00:06]} Qb5 {[%clk 00:02:28]} {[%emt 00:00:16]} 75. Kg2 {[%clk 00:05:22]}
{[%emt 00:00:04]} Ra6 {[%clk 00:02:28]} {[%emt 00:00:01]} 76. Kf2 {[%clk
00:05:18]} {[%emt 00:00:14]} Kg7 {[%emt 00:00:14]} 77. Qc3 {[%clk 00:05:08]}
{[%emt 00:00:13]} Qb3 {[%clk 00:02:18]} {[%emt 00:00:20]} 78. Qc2 {[%clk
00:05:08]} {[%emt 00:00:02]} Kf6 {[%clk 00:02:18]} {[%emt 00:00:10]} 79. Re1
{[%clk 00:04:52]} {[%emt 00:00:26]} Qb5 {[%clk 00:01:53]} {[%emt 00:00:35]} 80.
Re2 {[%clk 00:04:52]} {[%emt 00:00:05]} Qa5 {[%clk 00:01:52]} {[%emt 00:00:11]}
81. Kg2 {[%clk 00:04:26]} {[%emt 00:00:36]} Rb3 {[%clk 00:01:52]} {[%emt
00:00:03]} 82. Kf2 {[%clk 00:04:26]} {[%emt 00:00:05]} Rab6 {[%clk 00:01:52]}
{[%emt 00:00:09]} 83. Kg2 {[%clk 00:04:24]} {[%emt 00:00:11]} R6b5 {[%clk
00:01:37]} {[%emt 00:00:26]} 84. Kf2 {[%clk 00:04:24]} {[%emt 00:00:06]} Qa7
{[%clk 00:01:25]} {[%emt 00:00:22]} 85. Kg2 {[%clk 00:04:24]} {[%emt 00:00:03]}
Bf4 {[%clk 00:01:13]} {[%emt 00:00:22]} 86. Kf2 {[%clk 00:03:55]} {[%emt
00:00:39]} Bg3+ {[%clk 00:01:13]} {[%emt 00:00:01]} 87. Kg2 {[%clk 00:03:55]}
Bf4 {[%clk 00:01:13]} {[%emt 00:00:01]} 88. Kf2 {[%clk 00:03:55]} {[%emt
00:00:01]} Bg5 {[%clk 00:01:13]} {[%emt 00:00:06]} 89. Kg2 {[%clk 00:03:55]}
Qa6 {[%clk 00:01:13]} {[%emt 00:00:08]} 90. Kf2 {[%clk 00:03:55]} {[%emt
00:00:09]} Kg7 {[%clk 00:01:13]} {[%emt 00:00:05]} 91. Kg2 {[%clk 00:03:55]}
{[%emt 00:00:02]} Rb8 {[%clk 00:01:06]} {[%emt 00:00:17]} 92. Kf2 {[%clk
00:03:55]} {[%emt 00:00:08]} Ra8 {[%clk 00:01:06]} {[%emt 00:00:02]} 93. Kg2
{[%clk 00:03:55]} {[%emt 00:00:02]} Rb7 {[%clk 00:01:06]} {[%emt 00:00:02]} 94.
Kf2 {[%clk 00:03:55]} {[%emt 00:00:08]} Qb6 {[%clk 00:01:06]} {[%emt 00:00:03]}
95. Kg2 {[%clk 00:03:55]} {[%emt 00:00:08]} Qb5 {[%clk 00:01:06]} {[%emt
00:00:07]} 96. Kf2 {[%clk 00:03:55]} {[%emt 00:00:03]} Kf8 {[%clk 00:01:06]}
{[%emt 00:00:06]} 97. Kg2 {[%clk 00:03:55]} {[%emt 00:00:06]} Ke7 {[%clk
00:01:06]} {[%emt 00:00:03]} 98. Kf2 {[%clk 00:03:55]} {[%emt 00:00:08]} Qb3
{[%clk 00:01:06]} 99. Re1 {[%clk 00:03:51]} {[%emt 00:00:15]} Qb5 {[%clk
00:01:05]} {[%emt 00:00:12]} 100. Re2 {[%clk 00:03:51]} {[%emt 00:00:01]} Kd7
{[%clk 00:01:04]} {[%emt 00:00:11]} 101. Kg2 {[%clk 00:03:50]} {[%emt
00:00:11]} Qb3 {[%clk 00:01:04]} {[%emt 00:00:08]} 102. Kf2 {[%clk 00:03:50]}
{[%emt 00:00:05]} Bf4 {[%clk 00:01:04]} {[%emt 00:00:01]} 103. Rxc5 {[%clk
00:03:38]} {[%emt 00:00:22]} Qb6 {[%clk 00:00:59]} {[%emt 00:00:14]} 104. Kg2
{[%clk 00:03:29]} {[%emt 00:00:18]} dxc5 {[%clk 00:00:59]} {[%emt 00:00:04]}
105. Nxc5+ {[%clk 00:03:29]} {[%emt 00:00:02]} Ke7 {[%clk 00:00:55]} {[%emt
00:00:14]} 106. d6+ {[%clk 00:03:27]} {[%emt 00:00:13]} Kf6 {[%clk 00:00:55]}
{[%emt 00:00:01]} 107. Qc4 {[%clk 00:02:45]} {[%emt 00:00:52]} Qb5 {[%clk
00:00:38]} {[%emt 00:00:27]} 108. Rc2 {[%clk 00:02:44]} {[%emt 00:00:11]} Qxc4
{[%clk 00:00:38]} {[%emt 00:00:04]} 109. Rxc4 {[%clk 00:02:44]} Rxb2+ {[%clk
00:00:38]} {[%emt 00:00:03]} 110. Kf1 {[%clk 00:02:44]} Rd8 {[%clk 00:00:38]}
{[%emt 00:00:05]} 111. d7 {[%clk 00:02:44]} {[%emt 00:00:08]} Rb5 {[%clk
00:00:20]} {[%emt 00:00:28]} 112. Ke2 {[%clk 00:02:44]} {[%emt 00:00:10]} Ke7
{[%clk 00:00:20]} {[%emt 00:00:06]} 113. Kd3 {[%clk 00:02:43]} {[%emt
00:00:10]} Kd6 {[%clk 00:00:20]} {[%emt 00:00:08]} 114. Nxa4 {[%clk 00:02:43]}
{[%emt 00:00:07]} Rxd7 {[%clk 00:00:20]} {[%emt 00:00:07]} 115. Nc3 {[%clk
00:02:43]} {[%emt 00:00:01]} Rc5 {[%clk 00:00:18]} {[%emt 00:00:12]} 116. Ra4
{[%clk 00:02:43]} {[%emt 00:00:06]} Ke6+ {[%clk 00:00:17]} {[%emt 00:00:11]}
117. Nd5 {[%clk 00:02:43]} {[%emt 00:00:01]} Rcxd5+ {[%clk 00:00:17]} {[%emt
00:00:04]} 118. exd5+ {[%clk 00:02:43]} {[%emt 00:00:01]} Rxd5+ {[%clk
00:00:17]} {[%emt 00:00:01]} 119. Kc3 {[%clk 00:02:43]} {[%emt 00:00:01]} Rd1
{[%clk 00:00:17]} {[%emt 00:00:09]} 120. Ra6+ {[%clk 00:02:43]} {[%emt
00:00:02]} Ke7 {[%clk 00:00:17]} {[%emt 00:00:03]} 121. Ra7+ {[%clk 00:02:43]}
{[%emt 00:00:07]} Kf6 {[%clk 00:00:17]} {[%emt 00:00:03]} 0-1

[Event "2024 US National High School (K-12) Championship"]
[Site "Baltimore, Maryland, United States"]
[Date "2024.04.06"]
[Round "4.9"]
[White "Deviprasath, Sharvesh R"]
[Black "Shuman, Nathaniel Lande"]
[Result "1-0"]
[TimeControl "G/90; d10"]
[WhiteTitle "FM"]
[WhiteFideId "30938228"]
[BlackFideId "30908116"]
[WhiteElo "2496"]
[BlackElo "2211"]

1. e4 {[%clk 01:30:00]} d5 {[%clk 01:28:25]} {[%emt 00:01:45]} 2. exd5 {[%clk
01:30:00]} {[%emt 00:00:04]} Qxd5 {[%clk 01:28:25]} {[%emt 00:00:06]} 3. Nf3
{[%clk 01:30:00]} {[%emt 00:00:03]} Bg4 {[%clk 01:28:23]} {[%emt 00:00:13]} 4.
Be2 {[%clk 01:30:00]} {[%emt 00:00:01]} Nf6 {[%clk 01:24:36]} {[%emt 00:03:57]}
5. O-O {[%clk 01:29:04]} {[%emt 00:01:06]} e6 {[%clk 01:24:03]} {[%emt
00:00:43]} 6. h3 {[%clk 01:29:04]} {[%emt 00:00:06]} Bh5 {[%clk 01:23:40]}
{[%emt 00:00:34]} 7. b3 {[%clk 01:27:45]} {[%emt 00:01:29]} Nbd7 {[%clk
01:17:37]} {[%emt 00:06:12]} 8. Bb2 {[%clk 01:24:47]} {[%emt 00:03:08]} Be7
{[%clk 01:15:08]} {[%emt 00:02:39]} 9. c4 {[%clk 01:21:54]} {[%emt 00:03:04]}
Qa5 {[%clk 01:15:02]} {[%emt 00:00:16]} 10. d4 {[%clk 01:21:50]} {[%emt
00:00:14]} O-O {[%clk 01:12:43]} {[%emt 00:02:29]} 11. Nc3 {[%clk 01:21:50]}
{[%emt 00:00:05]} Ba3 {[%clk 01:05:20]} {[%emt 00:07:33]} 12. Bxa3 {[%clk
01:20:48]} {[%emt 00:01:11]} Qxa3 {[%clk 01:05:20]} {[%emt 00:00:04]} 13. Nb5
{[%clk 01:20:48]} {[%emt 00:00:01]} Qa5 {[%clk 01:05:03]} {[%emt 00:00:28]} 14.
a3 {[%clk 01:20:29]} {[%emt 00:00:27]} c6 {[%clk 01:03:22]} {[%emt 00:01:53]}
15. b4 {[%clk 01:14:27]} {[%emt 00:06:11]} Qd8 {[%clk 01:03:22]} {[%emt
00:00:09]} 16. Nd6 {[%clk 01:14:27]} {[%emt 00:00:02]} Qc7 {[%clk 01:02:24]}
{[%emt 00:01:08]} 17. c5 {[%clk 01:14:27]} {[%emt 00:00:02]} Bxf3 {[%clk
00:56:23]} {[%emt 00:06:12]} 18. Bxf3 {[%clk 01:13:45]} {[%emt 00:00:51]} Ne8
{[%clk 00:50:48]} {[%emt 00:05:45]} 19. Nc4 {[%clk 01:13:25]} {[%emt 00:00:29]}
Rd8 {[%clk 00:50:26]} {[%emt 00:00:33]} 20. Re1 {[%clk 01:12:02]} {[%emt
00:01:31]} Ndf6 {[%clk 00:48:30]} {[%emt 00:02:08]} 21. Ra2 {[%clk 01:07:39]}
{[%emt 00:04:33]} Nd5 {[%clk 00:41:41]} {[%emt 00:06:59]} 22. Rd2 {[%clk
01:07:37]} {[%emt 00:00:12]} g6 {[%clk 00:41:34]} {[%emt 00:00:17]} 23. Qc1
{[%clk 01:06:12]} {[%emt 00:01:33]} a6 {[%clk 00:36:31]} {[%emt 00:05:16]} 24.
Rd3 {[%clk 01:04:15]} {[%emt 00:02:07]} Ng7 {[%clk 00:33:47]} {[%emt 00:02:53]}
25. g3 {[%clk 01:04:08]} {[%emt 00:00:16]} Nf5 {[%clk 00:32:33]} {[%emt
00:01:26]} 26. Kg2 {[%clk 01:03:17]} {[%emt 00:01:01]} Rd7 {[%clk 00:23:15]}
{[%emt 00:09:27]} 27. Qd2 {[%clk 01:02:23]} {[%emt 00:01:04]} Rfd8 {[%clk
00:22:43]} {[%emt 00:00:43]} 28. Ne5 {[%clk 01:02:14]} {[%emt 00:00:18]} Re7
{[%clk 00:22:43]} {[%emt 00:00:07]} 29. Ng4 {[%clk 01:02:14]} {[%emt 00:00:07]}
h5 {[%clk 00:20:25]} {[%emt 00:02:29]} 30. Ne5 {[%clk 01:02:12]} {[%emt
00:00:11]} Kg7 {[%clk 00:19:34]} {[%emt 00:01:01]} 31. Qg5 {[%clk 01:01:51]}
{[%emt 00:00:32]} Nf6 {[%emt 00:00:20]} 32. Red1 {[%clk 01:00:54]} {[%emt
00:01:05]} Nh7 {[%clk 00:18:19]} {[%emt 00:01:16]} 33. Qd2 {[%clk 01:00:34]}
{[%emt 00:00:27]} f6 {[%clk 00:17:49]} {[%emt 00:00:43]} 34. Nc4 {[%clk
01:00:31]} {[%emt 00:00:12]} Red7 {[%clk 00:16:42]} {[%emt 00:01:19]} 35. Be4
{[%clk 01:00:29]} {[%emt 00:00:10]} Ng5 {[%clk 00:14:49]} {[%emt 00:02:04]} 36.
Bxf5 {[%clk 00:59:16]} {[%emt 00:01:23]} exf5 {[%clk 00:13:09]} {[%emt
00:01:50]} 37. h4 {[%clk 00:57:23]} {[%emt 00:02:04]} Ne4 {[%clk 00:13:06]}
{[%emt 00:00:13]} 38. Qf4 {[%clk 00:57:10]} {[%emt 00:00:19]} Qxf4 {[%clk
00:03:52]} {[%emt 00:09:27]} 39. gxf4 {[%clk 00:57:10]} {[%emt 00:00:03]} g5
{[%clk 00:03:50]} {[%emt 00:00:12]} 40. Nb6 {[%clk 00:56:46]} {[%emt 00:00:34]}
Re7 {[%clk 00:01:51]} {[%emt 00:02:09]} 41. d5 {[%clk 00:56:24]} {[%emt
00:00:33]} cxd5 {[%clk 00:01:28]} {[%emt 00:00:33]} 42. f3 {[%clk 00:46:07]}
{[%emt 00:10:27]} gxf4 {[%clk 00:01:02]} {[%emt 00:00:36]} 43. fxe4 {[%clk
00:46:03]} {[%emt 00:00:14]} fxe4 {[%clk 00:01:02]} {[%emt 00:00:02]} 44. Rxd5
{[%clk 00:46:03]} {[%emt 00:00:01]} Rg8 {[%clk 00:00:18]} {[%emt 00:00:53]} 45.
Rd7 {[%clk 00:45:27]} {[%emt 00:00:46]} Kf7+ {[%clk 00:00:18]} {[%emt
00:00:06]} 46. Kf2 {[%clk 00:45:20]} {[%emt 00:00:17]} Rg3 {[%clk 00:00:00]}
{[%emt 00:00:37]} 47. Ke1 {[%emt 00:00:38]} 1-0

[Event "2024 US National High School (K-12) Championship"]
[Site "Baltimore, Maryland, United States"]
[Date "2024.04.06"]
[Round "4.10"]
[White "Ye, Chen-Chen"]
[Black "Park, Evan"]
[Result "0-1"]
[TimeControl "G/90; d10"]
[BlackTitle "IM"]
[WhiteFideId "30960150"]
[BlackFideId "30931142"]
[WhiteElo "2110"]
[BlackElo "2452"]

1. e4 {[%clk 01:30:00]} {[%emt 00:00:01]} e5 {[%clk 01:28:56]} {[%emt
00:01:15]} 2. Nf3 {[%clk 01:30:00]} {[%emt 00:00:02]} Nc6 {[%clk 01:27:44]}
{[%emt 00:01:22]} 3. Bb5 {[%clk 01:30:00]} {[%emt 00:00:02]} a6 {[%clk
01:27:44]} {[%emt 00:00:09]} 4. Ba4 {[%clk 01:30:00]} {[%emt 00:00:03]} Nf6
{[%clk 01:27:44]} {[%emt 00:00:08]} 5. d3 {[%clk 01:30:00]} {[%emt 00:00:05]}
d6 {[%clk 01:27:28]} {[%emt 00:00:26]} 6. c3 {[%clk 01:29:49]} {[%emt
00:00:21]} g6 {[%clk 01:26:54]} {[%emt 00:00:43]} 7. O-O {[%clk 01:29:19]}
{[%emt 00:00:40]} Bg7 {[%clk 01:26:34]} {[%emt 00:00:31]} 8. Nbd2 {[%clk
01:28:26]} {[%emt 00:01:02]} O-O {[%clk 01:26:31]} {[%emt 00:00:14]} 9. Re1
{[%clk 01:19:13]} {[%emt 00:09:24]} b5 {[%clk 01:22:31]} {[%emt 00:04:10]} 10.
Bc2 {[%clk 01:18:39]} {[%emt 00:00:43]} Bb7 {[%clk 01:19:35]} {[%emt 00:03:06]}
11. d4 {[%clk 01:09:59]} {[%emt 00:08:50]} exd4 {[%clk 01:15:59]} {[%emt
00:03:46]} 12. cxd4 {[%clk 01:09:59]} {[%emt 00:00:07]} Re8 {[%clk 01:12:24]}
{[%emt 00:03:46]} 13. a3 {[%clk 01:05:49]} {[%emt 00:04:20]} Nb8 {[%clk
01:07:20]} {[%emt 00:05:14]} 14. b4 {[%clk 00:54:57]} {[%emt 00:11:01]} Nbd7
{[%clk 01:07:17]} {[%emt 00:00:13]} 15. Bb2 {[%clk 00:54:23]} {[%emt 00:00:44]}
Rc8 {[%clk 01:03:13]} {[%emt 00:04:14]} 16. Rc1 {[%clk 00:52:18]} {[%emt
00:02:15]} Nb6 {[%clk 01:00:57]} {[%emt 00:02:26]} 17. Bb1 {[%clk 00:50:00]}
{[%emt 00:02:28]} Nfd7 {[%clk 00:57:43]} {[%emt 00:03:24]} 18. Ba1 {[%clk
00:38:07]} {[%emt 00:12:03]} c5 {[%clk 00:55:44]} {[%emt 00:02:09]} 19. e5
{[%clk 00:36:16]} {[%emt 00:02:01]} cxb4 {[%clk 00:54:09]} {[%emt 00:01:44]} 20.
Rxc8 {[%clk 00:33:22]} {[%emt 00:03:05]} Qxc8 {[%clk 00:53:40]} {[%emt
00:00:39]} 21. axb4 {[%clk 00:32:55]} {[%emt 00:00:37]} dxe5 {[%clk 00:52:58]}
{[%emt 00:00:52]} 22. dxe5 {[%clk 00:31:55]} {[%emt 00:01:10]} Qb8 {[%clk
00:49:23]} {[%emt 00:03:44]} 23. Be4 {[%clk 00:26:58]} {[%emt 00:05:09]} Nd5
{[%clk 00:26:34]} {[%emt 00:22:58]} 24. Nb3 {[%clk 00:25:15]} {[%emt 00:01:53]}
N7b6 {[%clk 00:25:10]} {[%emt 00:01:34]} 25. Nc5 {[%clk 00:24:18]} {[%emt
00:01:07]} Ba8 {[%clk 00:24:17]} {[%emt 00:01:03]} 26. h4 {[%clk 00:21:01]}
{[%emt 00:03:27]} Qd8 {[%clk 00:17:47]} {[%emt 00:06:40]} 27. e6 {[%emt
00:05:57]} fxe6 {[%clk 00:16:41]} {[%emt 00:01:14]} 28. Bxg7 {[%clk 00:14:23]}
{[%emt 00:01:02]} Kxg7 {[%clk 00:16:34]} {[%emt 00:00:18]} 29. Qa1+ {[%clk
00:13:35]} {[%emt 00:00:59]} Kg8 {[%clk 00:14:37]} {[%emt 00:02:07]} 30. h5
{[%clk 00:10:40]} {[%emt 00:03:06]} g5 {[%clk 00:08:47]} {[%emt 00:05:59]} 31.
h6 {[%clk 00:07:04]} {[%emt 00:03:46]} Qf6 {[%clk 00:07:20]} {[%emt 00:01:37]}
32. Qxf6 {[%clk 00:06:35]} {[%emt 00:00:39]} Nxf6 {[%clk 00:07:20]} {[%emt
00:00:07]} 33. Bxa8 {[%clk 00:06:25]} {[%emt 00:00:20]} Nxa8 {[%clk 00:07:10]}
{[%emt 00:00:20]} 34. Nxg5 {[%clk 00:05:55]} {[%emt 00:00:40]} Nc7 {[%clk
00:07:07]} {[%emt 00:00:13]} 35. Ngxe6 {[%clk 00:03:38]} {[%emt 00:02:27]} Nxe6
{[%clk 00:06:45]} {[%emt 00:00:32]} 36. Nxe6 {[%clk 00:03:24]} {[%emt
00:00:25]} Nd5 {[%clk 00:05:30]} {[%emt 00:01:24]} 37. Re4 {[%clk 00:03:03]}
{[%emt 00:00:30]} Kh8 {[%clk 00:02:50]} {[%emt 00:02:50]} 38. f4 {[%clk
00:02:22]} {[%emt 00:00:51]} Nxb4 {[%clk 00:02:43]} {[%emt 00:00:16]} 39. f5
{[%clk 00:02:18]} {[%emt 00:00:15]} Nd5 {[%emt 00:00:39]} 40. Rg4 {[%clk
00:01:44]} {[%emt 00:00:12]} Ne3 {[%clk 00:02:34]} {[%emt 00:00:18]} 41. Rg5
{[%clk 00:01:39]} {[%emt 00:00:16]} Rg8 {[%clk 00:01:48]} {[%emt 00:00:56]} 42.
Ng7 {[%emt 00:00:27]} Rf8 {[%clk 00:01:40]} {[%emt 00:00:18]} 43. Rg3 {[%clk
00:00:59]} {[%emt 00:00:32]} Nd5 {[%clk 00:01:29]} {[%emt 00:00:21]} 44. Ra3
{[%clk 00:00:57]} {[%emt 00:00:13]} b4 {[%clk 00:01:00]} {[%emt 00:00:39]} 45.
Rxa6 {[%clk 00:00:52]} {[%emt 00:00:15]} b3 {[%clk 00:00:58]} {[%emt 00:00:12]}
46. Ra5 {[%clk 00:00:21]} {[%emt 00:00:42]} Nc3 {[%clk 00:00:54]} {[%emt
00:00:14]} 47. Ra7 {[%clk 00:00:21]} {[%emt 00:00:09]} Rb8 {[%clk 00:00:29]}
{[%emt 00:00:35]} 0-1